Home Print Resources E-Books E-Journals IIMT Lecture Series Library Membership Form Book Recommendation Form Campus Tour Take AdmissionAbout Us Contact Us

ASHTANG SANGRIHA (Record no. 50915)

000 -LEADER
fixed length control field nam a22 7a 4500
003 - CONTROL NUMBER IDENTIFIER
control field OSt
005 - DATE AND TIME OF LATEST TRANSACTION
control field 20211019113925.0
008 - FIXED-LENGTH DATA ELEMENTS--GENERAL INFORMATION
fixed length control field 211019b xxu||||| |||| 00| 0 eng d
040 ## - CATALOGING SOURCE
Transcribing agency IIMT UNIVERSITY
Modifying agency IIMT UNIVERSITY
100 ## - MAIN ENTRY--PERSONAL NAME
Personal name DR. SRIVASTAVA, S
245 ## - TITLE STATEMENT
Title ASHTANG SANGRIHA
Statement of responsibility, etc. AUTHOR
Medium HINDI
250 ## - EDITION STATEMENT
Edition statement 1
260 ## - PUBLICATION, DISTRIBUTION, ETC.
Place of publication, distribution, etc. VARANASI
Name of publisher, distributor, etc. CHAUKHAMBHA
Date of publication, distribution, etc. 2020
300 ## - PHYSICAL DESCRIPTION
Extent 565 P P
Other physical details PAPERBACK
760 ## - MAIN SERIES ENTRY
Edition 1ST
856 ## - ELECTRONIC LOCATION AND ACCESS
Materials specified PAPERBACK
Uniform Resource Identifier <a href="617.541SRI">617.541SRI</a>
Public note ASHTANG SANGRIHA
887 ## - NON-MARC INFORMATION FIELD
Source of data TITLE
942 ## - ADDED ENTRY ELEMENTS (KOHA)
Source of classification or shelving scheme
Koha item type Text-Book- for 7 days
Edition 1ST
Classification part TITLE
Item part BOOK
Call number prefix 617.541SRI
Call number suffix 617.541SRI
Holdings
Withdrawn status Lost status Source of classification or shelving scheme Materials specified (bound volume or other part) Damaged status Not for loan Home library Current library Date acquired Source of acquisition Coded location qualifier Cost, normal purchase price Inventory number Total Checkouts Full call number Barcode Date last seen Copy number Uniform Resource Identifier Cost, replacement price Price effective from Koha item type Public note
      PAPERBACK     IIMT Ayurveda Medical College and Hospital(0669) IIMT Ayurveda Medical College and Hospital(0669) 10/19/2021 ARISTA DELHI 617.541SRI 325.00 HO/PI/29 DATED 13 SEP 2021   617.251SRI 30-B-2625 10/19/2021 R 617.251SRI 325.00 10/19/2021 Text-Book- for 7 days ASHTAng SANGRIHA
IIMT, Central Library. All Rights Reserved IIMT,UNIVERSITY © 2023
Implemented and Customised by I CLOUDE EMS
You Are OPAC Visitor No
free web counter

Powered by Koha